Study guide for fundamentals of corporate finance, second edition /

Bibliographic Details
Main Author: Dahlquist, Julie R., 1962-
Other Authors: Berk, Jonathan B., 1962-, DeMarzo, Peter M., Harford, Jarrad V. T.
Format: Book
Language:English
Published: Boston : Pearson Prentice Hall, [2012]
Subjects:

MARC

Tag First Indicator Second Indicator Subfields
LEADER 00000cam a2200000Ia 4500
001 in00002736795
005 20151202151906.0
008 110302s2012 maua 000 0 eng d
020 |a 9780132148337 (pbk) 
020 |a 0132148331 (pbk) 
035 |a (OCoLC)ocn798116577 
035 |a (OCoLC)798116577 
040 |a TXA  |c TXA  |d UtOrBLW 
049 |a TXAM 
090 |a HG4026  |b .D32 2012 
100 1 |a Dahlquist, Julie R.,  |d 1962- 
245 1 0 |a Study guide for fundamentals of corporate finance, second edition /  |c Julie Dahlquist. 
246 3 0 |a Fundamentals of corporate finance 
264 1 |a Boston :  |b Pearson Prentice Hall,  |c [2012] 
264 4 |c ©2012 
300 |a 367 pages :  |b illustrations ;  |c 28 cm. 
336 |a text  |b txt  |2 rdacontent 
337 |a unmediated  |b n  |2 rdamedia 
338 |a volume  |b nc  |2 rdacarrier 
650 0 |a Corporations  |x Finance  |v Problems, exercises, etc. 
700 1 |a Berk, Jonathan B.,  |d 1962-  |t Fundamentals of corporate finance.  |s 2nd ed. 
700 1 |a DeMarzo, Peter M. 
700 1 |a Harford, Jarrad V. T. 
948 |a cataloged  |b h  |c 2012/7/3  |d c  |e jolivare  |f 11:31:11 am 
994 |a C0  |b TXA 
999 |a MARS 
999 f f |s 84de942a-9b6f-3f1e-8964-1821373fe2e4  |i 2cb811ab-6672-33c7-aebb-9a411d1b8be1  |t 0 
952 f f |p normal  |a Texas A&M University  |b College Station  |c Sterling C. Evans Library  |d Evans: Library Stacks  |t 0  |e HG4026 .D32 2012  |h Library of Congress classification  |i unmediated -- volume  |m A14841396158 
998 f f |a HG4026 .D32 2012  |t 0  |l Evans: Library Stacks